Qui a chanté cette chanson ? #1 - Statistiques

Statistiques générales
  • Ce quiz a été pris 328 fois
    298 depuis la dernière actualisation
  • Le résultat moyen est 10 sur 15
Statistiques - réponses
Chansons Chanteurs % Correct
Pour que tu m'aimes encore Céline Dion
95%
Je te promets Johnny Hallyday
85%
Je l'aime à mourir Francis Cabrel
82%
Ella elle l'a France Gall
79%
La Maladie d'Amour Michel Sardou
76%
Lucie Pascal Obispo
69%
Voyage Voyage Desireless
67%
Le Paradis Blanc Michel Berger
67%
Je suis malade Serge Lama
62%
Les Démons de minuit Images
53%
Pour un flirt Michel Delpech
52%
Les Corons Pierre Bachelet
51%
Weekend à Rome Etienne Daho
47%
Laisse moi t'aimer Mike Brant
36%
Africa Rose Laurens
30%
Aucun quiz correspondant
Distribution des résultats
% des personnes avec chaque résultat
Percentile par nombre de réponses
Votre historique - résultats
Vous n’avez pas pris ce quiz depuis la dernière actualisation